Từ điển thực vật thông dụng

Đã lưu trong:
書目詳細資料
主要作者: Võ, Văn Chi
格式: 圖書
語言:Undetermined
出版: Thành phố Hồ Chí Minh Khoa học và Kỹ thuật 2003
主題:
標簽: 添加標簽
沒有標簽, 成為第一個標記此記錄!
Thư viện lưu trữ: Trung tâm Học liệu Trường Đại học Cần Thơ
LEADER 00542nam a2200193Ia 4500
001 CTU_129104
008 210402s9999 xx 000 0 und d
020 |c 205000 
082 |a 580.3 
082 |b Ch300/T.1 
100 |a Võ, Văn Chi 
245 0 |a Từ điển thực vật thông dụng 
260 |a Thành phố Hồ Chí Minh 
260 |b Khoa học và Kỹ thuật 
260 |c 2003 
650 |a Botany 
650 |x Dictionary 
904 |i Minh 
980 |a Trung tâm Học liệu Trường Đại học Cần Thơ